[Event "LXXII ch-CRC Fase 1"]
[Site "Moravia CRC"]
[Date "2008.05.24"]
[Round "8"]
[White "Alfaro,C"]
[Black "Aguilar,L"]
[Result "1/2-1/2"]
[WhiteElo "2114"]
[BlackElo "1966"]

1.e4 c5 2.c3 Nf6 3.e5 Nd5 4.d4 e6 5.Bc4 Nb6 6.Bb3 c4 7.Bc2 d5 8.Nf3 Nc6 9.O-O Be7
10.b3 cxb3 11.axb3 Bd7 12.Ba3 Bxa3 13.Nxa3 a6 14.Qd2 h6 15.h4 Qe7 16.c4 dxc4
17.bxc4 Qb4 18.Qd3 Qe7 19.h5 Nb4 20.Qb3 Ba4 21.Qb2 Bxc2 22.Nxc2 Nxc2 23.Qxc2 Rc8
24.c5 O-O 25.Rab1 Nd5 26.Qe4 b6 27.Ra1 bxc5 28.dxc5 Qxc5 29.Rxa6 Qc4 30.Qxc4 Rxc4
31.g3 Rc3 32.Kg2 Rc2 33.Re1 Rb8 34.Nd4 Rd2 35.Nf3 Rc2 36.Nd4 Rd2 37.Nf3  1/2-1/2

[Event "LXXII ch-CRC Fase 1"]
[Site "Moravia CRC"]
[Date "2008.05.24"]
[Round "8"]
[White "Jimenez,Alo"]
[Black "Peraza,R"]
[Result "1-0"]
[WhiteElo "2110"]
[BlackElo "2024"]

1.e4 c5 2.c3 Nf6 3.e5 Nd5 4.d4 cxd4 5.Nf3 Nc6 6.Bc4 e6 7.O-O Be7 8.cxd4 d6
9.exd6 Qxd6 10.Nc3 Nxc3 11.bxc3 Bd7 12.Qe2 O-O 13.Bd3 Qd5 14.Rb1 Nd8 15.Ne5 Bc6
16.Nxc6 Qxc6 17.Bd2 g6 18.Bh6 Qc7 19.Bxf8 Bxf8 20.c4 Bd6 21.h3 Rb8 22.c5 Bf8
23.Be4 Bg7 24.Rfd1 e5 25.d5 Qxc5 26.d6 b5 27.Rbc1 Qb6 28.d7 Ne6 29.Rc8+ Bf8  1-0

[Event "TCh-UKR"]
[Site "Alushta UKR"]
[Date "2008.05.26"]
[Round "7"]
[White "Vysochin,S"]
[Black "Kolesov,E"]
[Result "1-0"]
[WhiteElo "2521"]
[BlackElo "2002"]

1.e4 c5 2.c3 Nf6 3.e5 Nd5 4.Nf3 Nc6 5.Bc4 e6 6.d4 cxd4 7.cxd4 d6 8.O-O Be7
9.Qe2 O-O 10.Re1 Nb6 11.Bb3 dxe5 12.dxe5 Bd7 13.Nc3 Rc8 14.Bf4 Na5 15.Bc2 Bc6
16.Rad1 Nd5 17.Bc1 Nxc3 18.bxc3 Qc7 19.Ng5 g6 20.Nxh7 Kxh7 21.Qh5+ Kg8 22.Bxg6 fxg6
23.Qxg6+ Kh8 24.Qh6+ Kg8 25.Rd3 Bf3 26.Qxe6+ Rf7 27.Rxf3 Qc4 28.Rg3+ Kh8
29.Rh3+ Kg8 30.Qh6 Rg7 31.e6  1-0

[Event "TCh-UKR"]
[Site "Alushta UKR"]
[Date "2008.05.27"]
[Round "8"]
[White "Stoockalov,V"]
[Black "Nechaev,An"]
[Result "0-1"]
[WhiteElo "2295"]
[BlackElo "2391"]

1.e4 c5 2.c3 Nf6 3.e5 Nd5 4.Nf3 e6 5.d4 cxd4 6.cxd4 b6 7.Bd2 Be7 8.Nc3 Nxc3
9.Bxc3 d5 10.exd6 Qxd6 11.Bd3 Bb7 12.O-O O-O 13.Qe2 Nd7 14.Rad1 Nf6 15.Rfe1 Qd5
16.Bc4 Qh5 17.Ne5 Qxe2 18.Rxe2 Rac8 19.Bb3 Rc7 20.h3 Bd5 21.Ng4 Bxb3 22.Nxf6+ Bxf6
23.axb3 Rd8 24.Red2 Rd5 25.Kf1 Kf8 26.Ke2 Ke8 27.Kd3 Kd7 28.Ke4 Kc6 29.f4 g6
30.Rd3 Kb7 31.g4 Rcd7 32.Bb4 Bd8 33.Rf1 f5+ 34.Ke3 Rf7 35.g5 h6 36.gxh6 g5
37.Ba3 Rh7 38.Bf8 Bf6 39.Rg1 Rd8 40.Bg7 Bxg7 41.hxg7 Rxg7 42.d5 exd5 43.Kd4 Re7
44.Re3 Rxe3 45.Kxe3 d4+ 46.Kd3 Rd6 47.h4 Kc6 48.Rc1+ Kb5 49.Rc4 Rd7 50.Rc1 Rh7
51.Kxd4 Rxh4 52.Ke5 Rg4 53.Rc4 Rg2 54.Kd4 Rxb2 55.Kc3 Rg2 56.Kd3 a5 57.fxg5 Rxg5
58.Kc3 Rg7 59.Rf4 Rf7 60.Kd4 Kb4 61.Rf3 f4  0-1

[Event "Mitropa Cup m"]
[Site "Olbia ITA"]
[Date "2008.05.29"]
[Round "5"]
[White "Godena,M"]
[Black "Gallagher,Jo"]
[Result "1/2-1/2"]
[WhiteElo "2528"]
[BlackElo "2480"]

1.e4 c5 2.c3 Nf6 3.e5 Nd5 4.Nf3 Nc6 5.d4 cxd4 6.cxd4 d6 7.Bc4 Nb6 8.Bb5 dxe5
9.Nxe5 Bd7 10.Nxd7 Qxd7 11.Nc3 e6 12.O-O Rd8 13.a4 Be7 14.a5 Nd5 15.a6 Ndb4
16.axb7 Qxb7 17.Qb3 Rd7 18.Ra4 O-O 19.Bxc6 Nxc6 20.Qxb7 Rxb7  1/2-1/2

[Event "Open"]
[Site "Conegliano ITA"]
[Date "2008.05.31"]
[Round "1"]
[White "Bertaglia,L"]
[Black "Jovanic,O"]
[Result "0-1"]
[WhiteElo "2064"]
[BlackElo "2504"]

1.e4 c5 2.c3 Nf6 3.e5 Nd5 4.d4 cxd4 5.cxd4 d6 6.Nf3 Nc6 7.Bc4 Nb6 8.Bb5 dxe5
9.Nxe5 Bd7 10.Nxd7 Qxd7 11.Nc3 Rd8 12.O-O e6 13.Bg5 Be7 14.Bxe7 Qxe7 15.Qf3 Qd7
16.Rfd1 O-O 17.Bxc6 bxc6 18.Rac1 Qb7 19.Ne4 Nd5 20.Rd2 Ne7 21.Nc5 Qb6 22.Qe4 Qa5
23.Qe1 Rd5 24.a3 Nf5 25.b4 Qb6 26.Nb3 Rfd8 27.Rdc2 R8d6 28.g3 Nxd4 29.Nxd4 Rxd4
30.Rc5 h6 31.Kg2 Qa6 32.Ra5 Qb7 33.Rac5 Rd3 34.Qe4 R3d4 35.Qf3 Rd3 36.Qe4 f5
37.Qe5 Kh7 38.R1c3 Qd7 39.h4 Rxc3 40.Qxc3 Rd3 41.Qc4 Rxa3 42.Rxc6 Qd1 43.Ra6 Qf3+
44.Kg1 Rc3 45.Qf1 e5 46.Rxa7 e4 47.Qe1 Qd3 48.Re7 Qd4 49.Rd7 Rxg3+  0-1

[Event "Open"]
[Site "Conegliano ITA"]
[Date "2008.06.01"]
[Round "2"]
[White "Pelosin,M"]
[Black "Bertaglia,L"]
[Result "0-1"]
[WhiteElo "1932"]
[BlackElo "2064"]

1.e4 c5 2.c3 Nf6 3.e5 Nd5 4.Nf3 e6 5.Bc4 d6 6.exd6 Qxd6 7.Na3 a6 8.O-O Be7
9.d4 cxd4 10.Nxd4 O-O 11.Bd3 b5 12.Nac2 Bb7 13.Ne1 Nc6 14.Nxc6 Bxc6 15.Qc2 h6
16.Bd2 Nf4 17.Bxf4 Qxf4 18.Be2 Rad8 19.Bf3 Bd5 20.Bxd5 Rxd5 21.Nf3 Rfd8 22.Rad1 Qd6
23.Rxd5 Qxd5 24.Qb1 Bf6 25.Re1 a5 26.Re2 Qd1+ 27.Qxd1 Rxd1+ 28.Re1 Rd5 29.Kf1 Rc5
30.Rd1 b4 31.cxb4 axb4 32.Rd2 g5 33.Ke2 g4 34.Ne1 Ra5 35.b3 Bc3 36.Rd8+ Kg7
37.Nc2 Rxa2 38.Kd3 Rb2 39.Rb8 Rxb3 40.Kc4 Rb2 41.Ne3 Rxf2 42.Nd1 Rxg2  0-1

[Event "Mitropa Cup m"]
[Site "Olbia ITA"]
[Date "2008.06.02"]
[Round "8"]
[White "Hindermann,F"]
[Black "Plat,V"]
[Result "1/2-1/2"]
[WhiteElo "2298"]
[BlackElo "2332"]

1.e4 c5 2.c3 Nf6 3.e5 Nd5 4.g3 Qc7 5.Qe2 Nc6 6.f4 e6 7.Bg2 Nb6 8.Na3 a6 9.Nf3 d5
10.exd6 Bxd6 11.O-O Bd7 12.d3 O-O-O 13.Be3 f6 14.Qf2 Ne7 15.b4 Na4 16.Nc4 Bb5
17.Nxd6+ Rxd6 18.c4 Bc6 19.Bxc5 Nxc5 20.Qxc5 Rxd3 21.Qa7 Qb8 22.Qc5 Qd6 23.Qa7 Nf5
24.b5 Bxf3 25.Rxf3 Rxf3 26.Bxf3 Qd4+ 27.Qxd4 Nxd4 28.Bg4 f5 29.Bd1 axb5 30.cxb5 Nxb5
31.Rc1+ Kb8 32.Kf2 Rc8 33.Ra1 Rc3 34.a4 Nd6 35.Bf3 Kc7 36.a5 Rc2+ 37.Kg1 Rc3
38.Kf2 Nb5 39.a6 bxa6 40.Rxa6 Kd7 41.Ra4 Kd6 42.Ra8 Ke7 43.Rg8 Rc2+ 44.Kg1 Kf7
45.Rd8 Rc7 46.Kf2 g6 47.Rh8 Kf6 48.Rf8+ Rf7 49.Re8 Nd6 50.Rd8 Ke7 51.Ra8 Ne8
52.Ra7+ Kf6 53.Ra6 Re7 54.h4 Kg7 55.h5 Nf6 56.hxg6 hxg6 57.Ra8 e5 58.fxe5 Rxe5
59.Ra6 Rb5 60.Ra7+ Kh6 61.Ra6 Kg5 62.Ra4 Rb2+ 63.Kg1 Nd7 64.Ra5 Nf6 65.Ra6 Ng8
66.Ra5 Nh6 67.Ra4 Nf7 68.Ra5 Nd6 69.Rd5 Nc4 70.Rd4 Ne5 71.Bd1 Ra2 72.Kf1 Ra3
73.Kg2 Nd3 74.Be2 Nc5 75.Bf3 Ra2+ 76.Kg1 Nb3 77.Rb4 Nd2 78.Bg2 Rc2 79.Rd4 Nc4
80.Bf3 Kf6 81.Rd8 Ne5 82.Bd1 Rb2 83.Rd6+ Ke7 84.Rd4 g5 85.Kf1 g4 86.Be2 Ke6
87.Rd8 Ke7 88.Rd4 Ra2 89.Rd5 Kf6 90.Rd8 Nf7 91.Rd4 Ng5 92.Bxg4 fxg4 93.Rxg4 Kf5
94.Rf4+ Ke5 95.Rf2 Ra3 96.Kg2 Ne4 97.Rf8 Rxg3+ 98.Kh2 Rg7 99.Kh3 Ng5+ 100.Kh2 Ke4
101.Ra8 Kf4 102.Rf8+ Nf7 103.Ra8 Ne5 104.Ra4+ Ke3 105.Ra3+ Nd3 106.Ra8 Kf3
107.Ra3 Rh7+ 108.Kg1 Ke2 109.Ra8 Rg7+ 110.Kh2 Ke3 111.Ra3 Ke4 112.Ra8 Kf3
113.Ra3 Rd7 114.Rb3 Kf2 115.Kh3 Rd4 116.Rb8 Kf3 117.Rb3 Rd8 118.Kh4 Kf4 119.Kh3 Kf3
120.Kh4 Rd5 121.Ra3 Ke4 122.Kg4 Ne5+ 123.Kg3 Rd3+ 124.Rxd3  1/2-1/2

[Event "XXX Nezhmetdinov Mem"]
[Site "Kazan RUS"]
[Date "2008.06.03"]
[Round "3"]
[White "Looshnikov,N"]
[Black "Shaposhnikov,E"]
[Result "1/2-1/2"]
[WhiteElo "2462"]
[BlackElo "2553"]

1.e4 c5 2.c3 Nf6 3.e5 Nd5 4.d4 cxd4 5.Nf3 d6 6.cxd4 Nc6 7.Bc4 Nb6 8.Bb5 d5
9.O-O Bg4 10.h3 Bxf3 11.Qxf3 e6 12.Be3 Rc8 13.Rc1 Qd7  1/2-1/2

[Event "XXX Nezhmetdinov Mem"]
[Site "Kazan RUS"]
[Date "2008.06.04"]
[Round "4"]
[White "Turebaeva,A"]
[Black "Sokolov,Sergei"]
[Result "1/2-1/2"]
[WhiteElo "2219"]
[BlackElo "2362"]

1.e4 c5 2.c3 Nf6 3.e5 Nd5 4.d4 cxd4 5.Nf3 Nc6 6.cxd4 d6 7.Bc4 Nb6 8.Bb5 dxe5
9.Nxe5 Bd7 10.Nxd7 Qxd7 11.O-O e6 12.Nc3 Rd8 13.Be3 a6 14.Bxc6 Qxc6 15.Rc1 Nd5
16.Nxd5 Qxd5 17.Qa4+ Qd7 18.Qxd7+ Kxd7 19.d5 Bd6 20.dxe6+ Kxe6 21.Rfe1 Kd7
22.Kf1 Rhe8 23.h3 Rc8 24.Rcd1 Re4 25.Bd4 Rxe1+ 26.Kxe1 Re8+ 27.Kd2 g6 28.g4 Kc6
29.Be3 Re4 30.Rc1+ Kd7 31.Kd3 Ra4 32.a3 Be5 33.Rc2 f5 34.f3 h5 35.Rg2 fxg4
36.fxg4 hxg4 37.hxg4 b5 38.Bc5 Rc4 39.Be3 Ke6 40.g5 a5 41.Rf2 a4 42.Rf8 Bxb2
43.Rb8 Rc3+ 44.Ke4 Rc4+ 45.Kd3 Bxa3 46.Rb6+ Bd6 47.Rxb5 Rg4 48.Ra5 a3 49.Ra6 Kd5
50.Ra5+ Kc6 51.Ra6+ Kc7 52.Ra7+ Kb8 53.Ra6 Kc7 54.Ra7+ Kd8 55.Ra6 Bf4 56.Ra4 a2
57.Bxf4 Rxf4 58.Rxa2 Ke7 59.Ke3 Rf5 60.Ra7+ Kf8  1/2-1/2

[Event "58th ch-RUS w HL"]
[Site "Chelyabinsk RUS"]
[Date "2008.06.05"]
[Round "2"]
[White "Botalova,Y"]
[Black "Kochetkova,J"]
[Result "0-1"]
[WhiteElo "2098"]
[BlackElo "2316"]

1.e4 c5 2.c3 Nf6 3.e5 Nd5 4.d4 cxd4 5.Nf3 Nc6 6.cxd4 d6 7.Bc4 Nb6 8.Bb5 Bd7
9.Nc3 e6 10.O-O a6 11.Bd3 dxe5 12.dxe5 Be7 13.Bf4 g5 14.Bg3 h5 15.h3 Rg8
16.Ne1 h4 17.Bh2 Qc7 18.Be4 O-O-O 19.Nf3 g4 20.hxg4 Rxg4 21.Nd2 Rdg8 22.Bf3 R4g6
23.Be4 Rg5 24.f4 R5g7 25.Kh1 Kb8 26.Nb3 Nb4 27.Rf2 Bc6 28.Rc1 h3 29.gxh3 Nxa2
30.Qf3 Nxc1 31.Nxc1 Bxe4 32.Qxe4 Qc4 33.Qf3 Nd5 34.N1e2 Nb4 35.Rf1 Qd3 36.Qf2 Qxh3
37.Ne4 Rg3  0-1

[Event "Alushta Summer-3"]
[Site "Alushta UKR"]
[Date "2008.06.08"]
[Round "10"]
[White "Rausis,I"]
[Black "Shvyrjov,I"]
[Result "1/2-1/2"]
[WhiteElo "2512"]
[BlackElo "2432"]

1.e4 c5 2.c3 Nf6 3.e5 Nd5 4.Nf3 d6 5.d4 cxd4 6.cxd4 Nc6 7.Bc4 Nb6 8.Bb5 dxe5
9.Nxe5 Bd7 10.Nxd7 Qxd7 11.Nc3 Rd8 12.O-O e6 13.Bg5 Be7 14.Bxe7 Qxe7 15.Bxc6+ bxc6
16.Qf3 O-O 17.Qxc6 Rxd4 18.Rad1  1/2-1/2

[Event "FSIM June"]
[Site "Budapest HUN"]
[Date "2008.06.08"]
[Round "2"]
[White "Sisatto,O"]
[Black "Rabeyrin,J"]
[Result "1/2-1/2"]
[WhiteElo "2273"]
[BlackElo "2303"]

1.e4 c5 2.c3 Nf6 3.e5 Nd5 4.d4 cxd4 5.Nf3 e6 6.cxd4 d6 7.Bc4 Nb6 8.Bd3 Nc6
9.O-O Nb4 10.Be2 dxe5 11.Nxe5 Bd6 12.Nc3 O-O 13.Bf3 N4d5 14.Qb3 Nxc3 15.bxc3 Qc7
16.a4 Rb8 17.g3 Bxe5 18.dxe5 Nc4 19.Bf4 b6 20.Rfe1 Ba6 21.Rad1 Rbc8 22.Be4 h6
23.Bb1 Bb7 24.Qc2 g6 25.Qc1 Rfd8 26.Rd4 Rxd4 27.cxd4 g5 28.Bxg5 hxg5 29.Qxg5+ Kf8
30.Qh6+ Ke8 31.Qh8+ Kd7 32.Qg7 Re8 33.Bd3 Nd2 34.Bb5+ Kc8 35.Bxe8 Nf3+ 36.Kg2 Nxe1+
37.Kh3 Bg2+ 38.Kg4 Bf3+ 39.Kh3 Bg2+ 40.Kg4 Bf3+ 41.Kh3 Qc4 42.Qxf7 Qxd4 43.Qxe6+ Kd8
44.Bc6 Bxc6 45.Qxc6 Qd7+ 46.Qxd7+ Kxd7 47.Kg4 a6 48.h4 b5 49.axb5 axb5 50.h5 Nd3
51.Kf5 b4 52.h6 b3 53.h7 b2 54.h8=Q b1=Q 55.e6+ Ke7 56.Qg7+ Kd6 57.Qd7+ Kc5
58.Qc7+ Kd5 59.Qd7+ Kc5 60.Qc8+ Kd5  1/2-1/2

[Event "58th ch-RUS w HL"]
[Site "Chelyabinsk RUS"]
[Date "2008.06.08"]
[Round "5"]
[White "Botalova,Y"]
[Black "Sokolova,V"]
[Result "0-1"]
[WhiteElo "2098"]
[BlackElo "2057"]

1.e4 c5 2.c3 Nf6 3.e5 Nd5 4.d4 cxd4 5.Nf3 Nc6 6.cxd4 d6 7.Bc4 e6 8.exd6 Bxd6
9.O-O O-O 10.Nc3 a6 11.Bb3 Nce7 12.Re1 b6 13.a3 Qc7 14.Ne4 Bf4 15.Bxf4 Qxf4
16.g3 Qh6 17.Kg2 f6 18.Rc1 Bd7 19.Nc3 Rad8 20.Nxd5 Nxd5 21.Bxd5 exd5 22.Ng1 Bf5
23.Rc6 Rc8 24.Rxb6 Rc2 25.Re2 Rfc8 26.Rxc2 Be4+ 27.Nf3 Rxc2 28.Re6 Qe3 29.Rxe4 Rxf2+
30.Kh3 Qxe4  0-1

[Event "TCh-BIH"]
[Site "Neum BIH"]
[Date "2008.06.08"]
[Round "5"]
[White "Jakovljevic,Vlado"]
[Black "Bogosavljevic,B"]
[Result "0-1"]
[WhiteElo "2453"]
[BlackElo "2492"]

1.e4 c5 2.c3 Nf6 3.e5 Nd5 4.d4 cxd4 5.cxd4 Nc6 6.Nf3 d6 7.Bc4 Nb6 8.Bb5 dxe5
9.Nxe5 Bd7 10.Nxd7 Qxd7 11.Nc3 e6 12.O-O a6 13.Bxc6 Qxc6 14.Be3 Be7 15.Qg4 Bf6
16.Rac1 h5 17.Qh3 Rd8 18.Rfd1 Nd5 19.Ne4 Qd7 20.Bg5 Bxg5 21.Nxg5 Rh6 22.Ne4 Kf8
23.Qf3 h4 24.g3 Kg8 25.a3 b6 26.Rc2 Qa4 27.Rdd2 Qb5 28.b4 Qa4 29.Rc1 Qd7
30.Rdc2 hxg3 31.hxg3 Nf6 32.Rd2 Nxe4 33.Qxe4 e5 34.Qxe5 Qh3 35.Qe4 Qh2+ 36.Kf1 Qh1+  0-1

[Event "115th ch-SCO"]
[Site "Glasgow SCO"]
[Date "2008.06.09"]
[Round "5"]
[White "Brunello,M"]
[Black "Vedrickas,T"]
[Result "1/2-1/2"]
[WhiteElo "2035"]
[BlackElo "2298"]

1.e4 c5 2.c3 Nf6 3.e5 Nd5 4.d4 cxd4 5.Nf3 d6 6.cxd4 Nc6 7.Bc4 e6 8.O-O Be7
9.Qe2 O-O 10.Re1 Bd7 11.Bxd5 exd5 12.Nc3 Be6 13.Bf4 dxe5 14.dxe5 a6 15.Rad1 Qa5
16.Qd3 Qb4 17.Bg5 Rfd8 18.Bxe7 Nxe7 19.Nd4 Rac8 20.Rd2 b5 21.Red1 Qa5 22.a3 Rc4
23.Nce2 Rdc8 24.h3 Qb6 25.Qf3 b4 26.axb4 Rxb4 27.b3 a5 28.Qh5 a4 29.bxa4 Rxa4
30.Qg5 Ng6 31.f4 h6 32.Qh5 Rcc4 33.Qf3 Ne7 34.Kh1 g6 35.Qg3 Kh7 36.Qh4 Nf5
37.Nxf5 Bxf5 38.Rxd5  1/2-1/2

[Event "TCh-BIH"]
[Site "Neum BIH"]
[Date "2008.06.09"]
[Round "6"]
[White "Stevic,H"]
[Black "Jakovljevic,Vlado"]
[Result "1-0"]
[WhiteElo "2571"]
[BlackElo "2453"]

1.e4 c5 2.c3 Nf6 3.e5 Nd5 4.Nf3 Nc6 5.Bc4 Nb6 6.Bb3 d5 7.exd6 Qxd6 8.O-O e6
9.d4 Be7 10.Nbd2 cxd4 11.Ne4 Qd8 12.cxd4 O-O 13.a3 Nd5 14.Qd3 b6 15.Re1 a5
16.Neg5 Nf6 17.Bf4 h6 18.Ne4 Nd5 19.Bg3 Ba6 20.Qd2 Rc8 21.Rac1 Qd7 22.Ba4 Qb7
23.Nd6 Bxd6 24.Bxd6 Rfd8 25.Bg3 Nce7 26.Bc2 Qd7 27.Ne5 Qe8 28.h3 Nc6 29.Nxc6 Rxc6
30.Ba4 b5 31.Qxa5 Rxc1 32.Rxc1 bxa4 33.Qxa6 Ra8 34.Qb7 Kh7 35.Rc4 g5 36.Rc6 Kg6
37.Qb5 Rc8 38.Qd3+ Kg7 39.Ra6 Ra8 40.Rd6 Qc8 41.Qe2 Qc1+ 42.Kh2 Rc8 43.Be5+ f6
44.Rd7+ Kg8 45.Qh5  1-0

[Event "58th ch-RUS w HL"]
[Site "Chelyabinsk RUS"]
[Date "2008.06.11"]
[Round "8"]
[White "Botalova,Y"]
[Black "Savina,A"]
[Result "0-1"]
[WhiteElo "2098"]
[BlackElo "2249"]

1.e4 c5 2.c3 Nf6 3.e5 Nd5 4.d4 cxd4 5.Nf3 Nc6 6.cxd4 d6 7.Bc4 dxe5 8.dxe5 Ndb4
9.a3 Qxd1+ 10.Kxd1 Na6 11.b4 Bg4 12.Bb2 Nc7 13.Nd2 e6 14.h3 Bh5 15.Ke2 O-O-O
16.Rhe1 Be7 17.Kf1 Rd7 18.Rac1 Rhd8 19.Nb3 Bxf3 20.gxf3 a6 21.Be2 Kb8 22.Nc5 Rd2
23.Na4 Bg5 24.Rb1 Bf4 25.Bc1 R2d4 26.Bb2 R4d7 27.Nb6 Re7 28.Bd1 Nd5 29.Re4 Bxe5
30.Bxe5+ Nxe5 31.Rxe5 Nxb6 32.Re3 Nc4  0-1

[Event "115th ch-SCO"]
[Site "Glasgow SCO"]
[Date "2008.06.13"]
[Round "9"]
[White "McGowan,D"]
[Black "Schmerwitz,R"]
[Result "1-0"]
[WhiteElo "2107"]
[BlackElo "1966"]

1.e4 c5 2.c3 Nf6 3.e5 Nd5 4.Nf3 e6 5.d4 cxd4 6.cxd4 Be7 7.Nc3 O-O 8.Bd3 Nc6
9.O-O Nxc3 10.bxc3 d6 11.Qe2 dxe5 12.dxe5 Qc7 13.Re1 Bd7 14.Qe4 g6 15.Bh6 Rfc8
16.Qf4 Bf8 17.Bxf8 Rxf8 18.Qh6 f5 19.exf6 Rxf6 20.Ng5 Bc8 21.Bc4 Qg7 22.Bxe6+ Bxe6
23.Qxg7+ Kxg7 24.Nxe6+ Kf7 25.Nc5 b6 26.Ne4 Rf4 27.g3  1-0

[Event "115th ch-SCO"]
[Site "Glasgow SCO"]
[Date "2008.06.13"]
[Round "9"]
[White "Brunello,M"]
[Black "Grant,A"]
[Result "1/2-1/2"]
[WhiteElo "2035"]
[BlackElo "2212"]

1.e4 c5 2.c3 Nf6 3.e5 Nd5 4.d4 cxd4 5.Nf3 e6 6.cxd4 d6 7.Bc4 Nb6 8.Bd3 Na6
9.Nc3 Bd7 10.O-O Bc6 11.a3 Rc8 12.Bf4 Nc7 13.Rc1 Ncd5 14.Bg3 Nxc3 15.Rxc3 a6
16.Qe2 Bxf3 17.Rxc8 Bxe2 18.Rxd8+ Kxd8 19.Bxe2 Kd7 20.f4 g6 21.Be1 h5 22.Ba5 Nd5
23.Bf3 Bh6 24.g3 Rc8 25.Be4 Rc4 26.Rd1 Ne3 27.Re1 Nd5 28.Rd1 Ne3 29.Re1 Nd5  1/2-1/2

[Event "115th ch-SCO"]
[Site "Glasgow SCO"]
[Date "2008.06.13"]
[Round "9"]
[White "Giulian,R"]
[Black "Donohue,T"]
[Result "1-0"]
[WhiteElo "2037"]
[BlackElo "1855"]

1.e4 c5 2.c3 Nf6 3.e5 Nd5 4.d4 cxd4 5.Nf3 Nc6 6.cxd4 e6 7.Nc3 Nxc3 8.bxc3 d6
9.Bd3 Qc7 10.Qe2 dxe5 11.dxe5 Be7 12.Bd2 Bd7 13.O-O Rc8 14.Rfe1 a6 15.Qe4 h6
16.Qg4 Kf8 17.Rac1 Be8 18.h3 g6 19.Qe4 Kg7 20.Kh1 Rd8 21.Bb1 Na5 22.Nd4 Nc4
23.Bf4 Bg5 24.Bxg5 hxg5 25.Qf3 Qe7 26.Qg3 Rh5 27.Bd3 b5 28.Bxc4 bxc4 29.Rb1 Rd5
30.Rb2 Bb5 31.Rbe2 Qd8 32.Re3 a5 33.Qf3 Rh4 34.Re4 Rxe4 35.Rxe4 Ba4 36.Re1 Be8
37.Qe3 Ba4 38.Rb1 Qc7 39.Re1 Qd8 40.Qg3 Be8 41.Kh2 Kh6 42.Qf3 Kg7 43.Re3 Ba4
44.Re4 Qe7 45.Qe3 Qd8 46.Rg4 Qb8 47.Rxg5 f6 48.Qe4  1-0

[Event "Open"]
[Site "Teplice CZE"]
[Date "2008.06.14"]
[Round "1"]
[White "Slivova,V"]
[Black "Bujak,M"]
[Result "0-1"]
[WhiteElo "1468"]
[BlackElo "2286"]

1.e4 c5 2.c3 Nf6 3.e5 Nd5 4.d4 cxd4 5.cxd4 e6 6.Nf3 Nc6 7.Nc3 Nxc3 8.bxc3 d6
9.Bd3 Qa5 10.Bd2 dxe5 11.O-O exd4 12.cxd4 Qh5 13.Bf4 Bd7 14.Rb1 Nb4 15.Be4 Bc6
16.Bxc6+ bxc6 17.a3 Qf5 18.axb4 Qxf4 19.Qa4 Bd6 20.Qxc6+ Ke7 21.Qb7+ Kf6
22.g3 Qf5 23.Nh4 Qd5 24.Qxd5 exd5 25.b5 Rab8 26.Ra1 Rxb5 27.Rxa7 Rb4 28.Nf3 Rhb8
29.Ra6 R8b6 30.Ra5 R4b5 31.Rfa1 Bc7 32.g4 Rxa5 33.Rc1 Bf4 34.Rc8 g5 35.Rh8 Rb2
36.h3 Be3  0-1

[Event "Open"]
[Site "Teplice CZE"]
[Date "2008.06.14"]
[Round "1"]
[White "Macek,K"]
[Black "Lechtynsky,J"]
[Result "0-1"]
[WhiteElo "1962"]
[BlackElo "2420"]

1.e4 c5 2.c3 Nf6 3.e5 Nd5 4.d4 cxd4 5.cxd4 d6 6.Nf3 Nc6 7.Bc4 e6 8.O-O Be7
9.a3 O-O 10.Bd2 Nb6 11.Ba2 d5 12.Nc3 Bd7 13.Be3 Rc8 14.Nd2 f5 15.f4 Na5 16.Rc1 Nac4
17.Nxc4 Nxc4 18.Bxc4 Rxc4 19.Rf3 Qc7 20.Ne2 Rc8 21.Bd2 Rxc1 22.Bxc1 Qc2 23.Qe1 Bd8
24.Rc3 Rxc3 25.Nxc3 Bb6 26.Qd1 Bxd4+  0-1

[Event "8th TCh-Euro U18 Girls"]
[Site "Szeged HUN"]
[Date "2008.06.15"]
[Round "2"]
[White "Traistaru,T"]
[Black "Hitter,G"]
[Result "1-0"]
[WhiteElo "2160"]
[BlackElo "2073"]

1.e4 c5 2.c3 Nf6 3.e5 Nd5 4.d4 e6 5.Nf3 cxd4 6.cxd4 b6 7.a3 Ba6 8.Bxa6 Nxa6
9.Bg5 Be7 10.Bxe7 Qxe7 11.Nbd2 Nac7 12.Ne4 O-O 13.Rc1 Rfd8 14.Qc2 h6 15.O-O Ne8
16.Nfd2 d6 17.Nc4 dxe5 18.dxe5 Rac8 19.Qb3 Nf4 20.Qe3 Ng6 21.f4 Rd5 22.Ncd6 Nxd6
23.Nxd6 Rxc1 24.Rxc1 f6 25.Qe4 Nf8 26.h4 g6 27.g3 fxe5 28.fxe5 Qg7 29.Rc8 Rd1+
30.Kg2 Rd2+ 31.Kh3 Rd5 32.Rb8 h5 33.Qf4 Rxe5 34.Ne8 Qf7 35.Nf6+ Kg7 36.Qxe5 Kh6
37.Qf4+ Kg7 38.Ne8+  1-0

[Event "FSIM June"]
[Site "Budapest HUN"]
[Date "2008.06.17"]
[Round "11"]
[White "Lyell,M"]
[Black "Szeberenyi,A"]
[Result "1/2-1/2"]
[WhiteElo "2237"]
[BlackElo "2325"]

1.e4 c5 2.c3 Nf6 3.e5 Nd5 4.Nf3 d6 5.d4 cxd4 6.Qxd4 e6 7.Nbd2 Nc6 8.Bb5 Bd7
9.Bxc6 Bxc6 10.Nc4 dxe5 11.Ncxe5 Nf6 12.O-O Qxd4 13.Nxd4 Rc8 14.c4  1/2-1/2

[Event "Open"]
[Site "Teplice CZE"]
[Date "2008.06.17"]
[Round "4"]
[White "Hricko,M"]
[Black "Vales,V"]
[Result "1-0"]
[WhiteElo "1927"]
[BlackElo "2183"]

1.e4 c5 2.c3 Nf6 3.e5 Nd5 4.d4 cxd4 5.cxd4 d6 6.Nf3 Bg4 7.Qb3 Nb6 8.Bb5+ N8d7
9.exd6 exd6 10.O-O Be7 11.Re1 O-O 12.Bf4 Nf6 13.Nbd2 Rc8 14.Rac1 Rxc1 15.Rxc1 Nfd5
16.Bg3 Be6 17.Qc2 f5 18.Re1 Nc7 19.Bd3 f4 20.Bxh7+ Kh8 21.Bh4 g5 22.Qg6 Bf5
23.Qh6 Bxh7 24.Nxg5 Bxg5 25.Bxg5 Qc8 26.Bf6+ Rxf6 27.Qxf6+ Kg8 28.Re7 Qf8
29.Qxf8+  1-0

[Event "Serbia Cup"]
[Site "Zlatibor SRB"]
[Date "2008.06.18"]
[Round "3"]
[White "Kostic,VG"]
[Black "Todorovic,GM"]
[Result "1-0"]
[WhiteElo "2415"]
[BlackElo "2479"]

1.e4 c5 2.c3 Nf6 3.e5 Nd5 4.d4 cxd4 5.Nf3 e6 6.cxd4 b6 7.Nc3 Nxc3 8.bxc3 Qc7
9.Bd2 Bb7 10.Bd3 d6 11.O-O Nd7 12.Bf4 Be7 13.Re1 g6 14.Bh6 dxe5 15.Bb5 a6
16.Bxd7+ Qxd7 17.Nxe5 Qd5 18.Qg4 b5 19.Re3 Rd8 20.Rae1 b4 21.c4 Qxd4 22.Qe2 Qd2
23.Qf1 Qc2 24.R3e2 Qf5 25.Rd1 Qh5 26.Rxd8+ Bxd8 27.Qd1 Bc8 28.Bg7 Rg8 29.Qa4+ Ke7
30.Qxb4+ Ke8 31.Qa4+ Ke7 32.Nc6+ Kd6 33.Rd2+ Kc7 34.Be5+ Kb7 35.Rb2+ Bb6
36.Rxb6+  1-0

[Event "FSIM June"]
[Site "Budapest HUN"]
[Date "2008.06.19"]
[Round "13"]
[White "Sisatto,O"]
[Black "Szeberenyi,A"]
[Result "1/2-1/2"]
[WhiteElo "2273"]
[BlackElo "2325"]

1.e4 c5 2.c3 Nf6 3.e5 Nd5 4.d4 cxd4 5.Nf3 d6 6.cxd4 Nc6 7.Bc4 dxe5 8.Bxd5 Qxd5
9.Nc3 Qd6 10.d5 Nd4 11.Nxd4 exd4 12.Qxd4 e5 13.Qd3 Bd7 14.O-O f5 15.a4 e4
16.Qd4 Kf7  1/2-1/2

[Event "FSIM June"]
[Site "Budapest HUN"]
[Date "2008.06.19"]
[Round "13"]
[White "Lyell,M"]
[Black "Rabeyrin,J"]
[Result "1-0"]
[WhiteElo "2237"]
[BlackElo "2303"]

1.e4 c5 2.c3 Nf6 3.e5 Nd5 4.Nf3 e6 5.d4 cxd4 6.cxd4 d6 7.Bc4 Nb6 8.Bd3 Nc6
9.a3 Qc7 10.Bf4 Nd5 11.Bg3 dxe5 12.dxe5 g6 13.Nbd2 Bg7 14.Rc1 O-O 15.O-O Bd7
16.Re1 Rac8 17.Be4 Nb6 18.Nc4 Nxc4 19.Rxc4 Qd8 20.Qd2 Rc7 21.Rd1 Nb8 22.Rd4 Qc8
23.Bh4 Re8 24.Bf6 h6 25.Qf4 Rc4 26.Rxc4 Qxc4 27.Bxg7 Kxg7 28.Qf6+ Kg8 29.Bxg6 fxg6
30.Qxg6+ Kf8 31.Qxh6+ Kg8 32.Rd4 Qxd4 33.Qg6+ Kf8 34.Qf6+ Kg8 35.Nxd4 Nc6
36.Nxc6 Bxc6 37.h4  1-0

[Event "XXVI Balatoni Sakkfesztival GM"]
[Site "Balatonlelle HUN"]
[Date "2008.06.20"]
[Round "8"]
[White "Gaponenko,I"]
[Black "Seres,L"]
[Result "1/2-1/2"]
[WhiteElo "2442"]
[BlackElo "2449"]

1.e4 c5 2.c3 Nf6 3.e5 Nd5 4.Nf3 Nc6 5.d4 cxd4 6.cxd4 d6 7.Bc4 Nb6 8.Bb5 dxe5
9.Nxe5 Bd7 10.Nxd7 Qxd7 11.Nc3 e6 12.O-O Be7 13.Qg4 O-O 14.Bxc6 bxc6 15.Bh6 Bf6
16.Rfd1 Qe7 17.Ne4  1/2-1/2

[Event "Open"]
[Site "Teplice CZE"]
[Date "2008.06.20"]
[Round "7"]
[White "Kantorik,M"]
[Black "Pertlova,S"]
[Result "1-0"]
[WhiteElo "2359"]
[BlackElo "2159"]

1.e4 c5 2.c3 Nf6 3.e5 Nd5 4.d4 cxd4 5.Nf3 e6 6.cxd4 d6 7.Nc3 Nc6 8.Bb5 Bd7
9.Nxd5 exd5 10.O-O Be7 11.exd6 Bxd6 12.Re1+ Ne7 13.Bxd7+ Qxd7 14.Bg5 O-O
15.Ne5 Qf5 16.Bxe7 Bxe7 17.Qb3 Rab8 18.Qxd5 Rfd8 19.Qb3 Bd6 20.Rad1 Bxe5
21.Rxe5 Qf4 22.g3 Qg4 23.Re7 Rf8 24.d5 a6 25.d6 b5 26.d7 Rbd8 27.Qd5 Qb4
28.Rc1 Qg4 29.Rxf7  1-0

[Event "12th North American FIDE Inv"]
[Site "Chicago USA"]
[Date "2008.06.21"]
[Round "2"]
[White "Stamnov,A"]
[Black "Chow,A"]
[Result "0-1"]
[WhiteElo "2239"]
[BlackElo "2198"]

1.e4 c5 2.c3 Nf6 3.e5 Nd5 4.d4 cxd4 5.Nf3 Nc6 6.cxd4 d6 7.Bc4 Nb6 8.Bb5 dxe5
9.Nxe5 Bd7 10.Nxd7 Qxd7 11.Nc3 e6 12.O-O Rd8 13.Be3 Be7 14.Qf3 O-O 15.Rac1 a6
16.Bxc6 Qxc6 17.Qxc6 bxc6 18.Ne4 Rc8 19.Rc2 Nd5 20.Bd2 Bb4 21.Rfc1 Bxd2 22.Nxd2 Ne7
23.Nf3 Rfd8 24.Kf1 h6 25.Rc4 f6 26.Ke2 Kf7 27.Ra4 Ra8 28.Rc5 Rdb8 29.b3 Rb5
30.Rcc4 a5 31.Rc5 Rxc5 32.dxc5 Nd5 33.Kd2 e5 34.Ne1 f5 35.Nd3 Ke6 36.f3 Rd8
37.Kc2 Ne3+ 38.Kc3 Nd1+ 39.Kc2 Rxd3 40.Rxa5 Rd7 41.g3 Ne3+ 42.Kc3 Nf1 43.Ra6 Kd5
44.Kd3 Nxh2 45.Ke2 Kxc5 46.Ra8 e4 47.fxe4 fxe4 48.Ke3 Rd3+ 49.Kxe4 Rxg3 50.Rb8 Rg4+
51.Ke3 h5 52.Kf2 g5 53.a4 Rf4+ 54.Kg2 Ng4 55.a5 Ne3+ 56.Kh2 Rf2+ 57.Kg3 Ra2
58.Rg8 Nf5+ 59.Kf3 Nd4+ 60.Ke4 Nxb3 61.Rxg5+ Kb4 62.Rxh5 Rxa5 63.Rh8 Rd5
64.Rc8 Nd2+ 65.Ke3 Nc4+ 66.Ke2 c5 67.Rh8 Nd6 68.Rh1 c4 69.Rh4 Kb3 70.Rh1 c3
71.Rb1+ Kc4 72.Rc1 Nf5 73.Rb1 Rd2+ 74.Ke1 Nd4 75.Rb8 Nf3+ 76.Kf1 Kd3 77.Rd8+  0-1